000 00292nam a2200109 a 4500
005 20201002044927.0
008 140403s1971 000 spa d
100 _aHernández Puyrredon, Jose
_971524
245 0 _aMartin Fierro.
260 _aMadrid -- Libra,
_c1971 -- 196 p.
999 _c43191
_d43191
040 _aDO-SdBNP